Interference periods of weeds in maize in notillage and conventional systems at high altitudes (Registro n. 9654)
[ somente texto ]
| 000 -LÍDER | |
|---|---|
| fixed length control field | 04556nab a2200325 i 4500 |
| 003 - CÓDIGO MARC DA AGÊNCIA CATALOGADORA | |
| Campo de controle | BR-BrBNA |
| 005 - DATA E HORA DA ÚLTIMA ATUALIZAÇÃO | |
| Campo de controle | 20230922170937.0 |
| 008 - CAMPO DE TAMANHO FIXO | |
| fixed length control field | 230724b2020 bl.ar|pooa||| 00| 0 eng | |
| 040 ## - FONTE DA CATALOGAÇÃO | |
| Agência catalogadora | BR-BrBNA |
| Idioma da catalogação | eng |
| 072 ## - CATEGORIA AGRIS | |
| Código AGRIS | H60 |
| Código do objeto | 0120 |
| 100 ## - ENTRADA PRINCIPAL - NOME PESSOAL | |
| Nome pessoal | Helvig, E.O. |
| 100 ## - ENTRADA PRINCIPAL - NOME PESSOAL | |
| Nome pessoal | Pinheiro, K.K.G. |
| 100 ## - ENTRADA PRINCIPAL - NOME PESSOAL | |
| Nome pessoal | Dranca, A.C. |
| 100 ## - ENTRADA PRINCIPAL - NOME PESSOAL | |
| Nome pessoal | Silva, A.A.P. |
| 100 ## - ENTRADA PRINCIPAL - NOME PESSOAL | |
| Nome pessoal | Mendes, M.C. |
| 100 ## - ENTRADA PRINCIPAL - NOME PESSOAL | |
| Nome pessoal | Maciel, C.D.G. |
| 245 ## - TÍTULO PRINCIPAL | |
| Título principal | Interference periods of weeds in maize in notillage and conventional systems at high altitudes |
| 500 ## - NOTA GERAL | |
| Nota geral | Publicação on-line; 29 ref.; 5 illus.; Summaries (En, Pt) |
| 942 ## - ADDED ENTRY ELEMENTS (KOHA) | |
| Koha item type | |
| 520 ## - NOTA DE RESUMO | |
| Nota de conteúdo | <br/><br/>ABSTRACT - The objective of this study was to determine the coexistence periods<br/>of weeds (CTWR = critical timing of weed removal) and control (CWFP = critical<br/>weed-free period) in maize crops in no-tillage and conventional systems at high<br/>altitudes in southern Brazil. To this end, four experiments were conducted in<br/>Guarapuava-Paraná during the 2016/2017 crop season using P2530™ (conventional)<br/>and P3271H™ (transgenic genetically modified for glyphosate tolerance) hybrids in<br/>no-tillage and conventional systems with crop residues of black oat (Avena strigosa).<br/>The experimental design was a randomized complete block with five repetitions. The<br/>treatments were divided into periods of CTWR and CWFP for 0, 7, 14, 28, 42, 63, and<br/>126 days after the emergence of crops (DAE). Among the weeds, only<br/>eudicotyledonous species predominated throughout the crop cycle in both<br/>production systems. The productivity results established for P2530™ and P3271H™<br/>hybrids in a conventional system with the incorporation of straw in the soil indicated<br/>a critical period of weed control (CPWC) from 23 to 39 DAE and 23 to 35 DAE,<br/>respectively. For direct sowing (no-tillage system) on black oat straw, no CPWC was<br/>established, as it required only one single point of control between the periods of 21<br/>to 33 DAE and 23 to 31 DAE for the P2530™ and P3271H™ hybrids, respectively.<br/>The direct sowing in black oat straw constituted an efficient strategy to reduce weed<br/>interference and the necessity of weed management practices.<br/><br/>Keywords: Zea mays L., competition, control, productivity.<br/> |
| 520 ## - NOTA DE RESUMO | |
| Nota de conteúdo | <br/><br/>RESUMO - A presente pesquisa teve como objetivo determinar os períodos anterior<br/>à interferência (CTWR) e total de prevenção da interferência (CWFP) das plantas<br/>daninhas na cultura do milho, em sistemas de plantio direto e convencional em<br/>ambiente de elevada altitude, na região Sul do Brasil. Para isso, oito experimentos<br/>foram conduzidos em campo em Guarapuava-PR, durante a safra 2016/2017,<br/>utilizando os híbridos P2530® (convencional) e P3271H® (transgênico<br/>geneticamente modificado para tolerância ao glifosato) em sistema de semeadura<br/>direta e convencional com resíduos culturais de aveia-preta (Avena strigosa). O<br/>delineamento experimental foi o de blocos casualizados com cinco repetições. Os<br/>tratamentos foram divididos em períodos de CTWR e CWFP das plantas daninhas<br/>durante 0, 7, 14, 28, 42, 63 e 126 dias após a emergência da cultura (DAE). Entre<br/>as plantas daninhas, verificou-se predomínio apenas de espécies eudicotiledôneas<br/>durante todo o ciclo da cultura em ambos os sistemas de produção. Os resultados<br/>de produtividade permitiram estabelecer para os híbridos P2530® e P3271H®,<br/>cultivados em semeadura convencional com incorporação da palha ao solo,<br/>períodos críticos de prevenção à interferência (CPWC) entre 23 a 39 DAE e 23 a<br/>35 DAE, respectivamente. Para a semeadura direta sobre a palha de aveia-preta,<br/>não foram estabelecidos CPWC, sendo constatada a necessidade de apenas um único controle pontual<br/>entre os períodos de 21 a 33 DAE e 23 a 31 DAE para os híbridos P2530® e P3271H®, respectivamente.<br/>A semeadura direta em palha de aveia-preta constituiu-se estratégia eficiente para reduzir a<br/>matointerferência e a necessidade de práticas de manejo.<br/><br/>Palavras-chave: Zea mays L., competição, controle, produtividade. |
| 650 ## - ASSUNTO - THESAGRO | |
| Cabeçalho tópico ou nome geográfico | ZEA MAYS |
| 650 ## - ASSUNTO - THESAGRO | |
| Cabeçalho tópico ou nome geográfico | ERVA DANINHA |
| 650 ## - ASSUNTO - THESAGRO | |
| Cabeçalho tópico ou nome geográfico | COMPETIÇÃO BIOLÓGICA |
| 650 ## - ASSUNTO - THESAGRO | |
| Cabeçalho tópico ou nome geográfico | PRODUTIVIDADE |
| 650 ## - ASSUNTO - THESAGRO | |
| Cabeçalho tópico ou nome geográfico | CONTROLE QUÍMICO |
| 773 0# - ENTRADA ANALÍTICA | |
| Host Biblionumber | 886 |
| Registro do item | 1817 |
| Imprenta | Londrina-PR : Sociedade Brasileira da Ciência das Plantas Daninhas, 1978 |
| Outro identificador | 2023-031024 |
| Título | Planta Daninha (Brazil) |
| ISSN | 0100-8358; 1806-9681 (on-line) |
| Colação | v. 38 p. 1-10; (2020) |
| Número de controle de registro | BR2023000804 |
| 856 ## - ACESSO E ENDEREÇO ELETRÔNICO | |
| Identificador uniforme de recurso - URI | https://www.scielo.br/j/pd/a/kgjrRkmgzwLDqC7LwG8MkHF/?format=pdf&lang=en |
Nenhum exemplar disponível.

BINAGRI